1696 1313 1386 1265 1811 1164 1810 1660 1511 1258 1001 1000 1670 1521 1126 1484 1567 1690 1162 1402 1575 1643 1362 1875 1886 1521 1799 1512 1250 1125 1100 1198 1407 1620 1843 1541 1587 1803 1488 1823 1810 1261 1865 1076 1807 1491 1812 1574 1576 1787 1214 1836 1512 1752 1315 1374 1919 1733 1409 1898 1011 1122 1077 1042 1890 1072 1157 1906 1546 1670 1232 1985 1680 1934 1526 1303 1220 1361 1121 1953 1232 1115 1933 1059 1678 1339 1774 1060 1041 1541 1825 1105 1270 1343 1871 1403 1319 1493 1539 BCNSPRNW ULIB Ver.6.0+V

เปลี่ยนเป็นภาษาไทย

Change to English
 แสดงรายละเอียดบรรณานุกรม
  กลับหน้าหลัก

Brief Record : Get Marc (ISO 2709) : E-mail record : QR code < ปิดหน้าต่าง
LEADER : 00000nam 2200000uu 4500
001    13399121972
003     ULIB
008    121217s2549||||th 000 0 tha d
020    ^a9749781155
060  4 ^aWF140^bม335ก 2549
245 00 ^aการบริบาลทางเภสัชกรรมในผู้ป่วยโรคระบบทางเดินหายใจ =^bPharmaceutical care in respiratory disease patients /^cบรรณาธิการ, มัณฑนา ภาณุมาภรณ์, ศิรประภา ทับทิม
246 31 ^aPharmaceutical care in respiratory disease patients
250    ^aพิมพ์ครั้งที่ 1
260    ^aสมุทรปราการ :^bคณะเภสัชศาสตร์มหาวิทยาลัยหัวเฉียวเฉลิมพระเกียรติ,^c2549
300    ^aก-ช, 221 หน้า :^bภาพประกอบ ;^c26 ซม.
500 หน ^aังสือประกอบการประชุมวิชาการด้านการบริบาลทางเภสัชกรรมครั้งที่ 7 เรื่อง "ความก้าวหน้าทางเภสัชวิทยาบำบัดในผู้ป่วยโรคระบบทางเดินหายใจ" 2549 จัดโดย คณะเภสัชศาสตร์ มหาวิทยาลัยหัวเฉียวเฉลิมพระเกียรติ
504    ^aมีบรรณานุกรมและดรรชนี
650  2 ^aRespiratory Tract Infcetions
650  2 ^aRespiratory Tract Diseases^xdrug therapy
650  2 ^aLung Diseases Obstructive
650  7 ^aทางเดินอากาศหายใจ, โรค^xการรักษาด้วยยา
650  7 ^aทางเดินอากาศหายใจ, การติดเชื้อ^xการรักษาด้วยยา
650  7 ^aปอด, โรคเกิดจากการอุดกั้น^xการรักษาด้วยยา
650  7 ^aการบริบาบาลทางเภสัชกรรม^vการประชุม
700 0  ^aศิรประภา ทับทิม,^eบรรณาธิการ
700 0  ^aมัณฑนา ภาณุมาภรณ์,^eบรรณาธิการ
710 2  ^aมหาวิทยาลัยหัวเฉียวเฉลิมพระเกียรติ. ^bคณะเภสัชศาสตร์
740 12 ^a การประชุมวิชาการด้านการบริบาลทางเภสัชกรรม^n(ครั้งที่ 7 :2549 : คณะเภสัชศาสตร์ มหาวิทยาลัยหัวเฉียวเฉลิมพระเกียรติ)
945    ^p0^l0^i16590
995    ^aกัณชพร
999 ^a ใช้งานได้ทุกระบบ
รายการนี้ยังไม่มีแท็ก
คุณยังไม่ได้ล็อกอิน คุณสามารถมีกิจกรรมร่วมกับเว็บไซต์ได้ แต่ต้องล็อกอินก่อน ::
  ล็อกอิน

รายการสื่อสารสนเทศ

ลำดับที่ ประเภท เลขเรียก/บาร์โค้ด สถานที่ สถานะ
1. วิทยาศาสตร์การแพทย์ และสุขภาพ
วิทยาศาสตร์การแพทย์ และสุขภาพ
WF140 ม335ก 2549  
  Barcode: 16590
ห้องสมุดวิทยาเขตสวรรค์ประชารักษ์
►หนังสือทั่วไป
บนชั้น

BibComment


ยังไม่เคยถูกคอมเมนท์

คอมเมนท์ทรัพยากรรายการนี้
  คอมเมนท์: การบริบาลทางเภสั..


 Copyright 2026. Bcnsprnw @Library